000 01029nam a2200265Ia 4500
003 OSt
005 20221005104353.0
006 a|||||r|||| 00| 0
007 ta
008 221004b |||||||| |||| 00| 0 hin d
020 _a9789350501108 (hbk)
_c1650
024 _a8719
037 _b238, 17/12/2013, Eastern Book Linkers
_cTextual
040 _aCRL
_cCRL
_bhin
041 _2hin
_ahin
082 _aNA44,2:3(Delta2:864), 152Q3
100 _aझारिया, रीझन लाल
245 0 _aपुराणों में गृहरचना - विधान
246 _aPurāṇoan mean gṛuharachanā - vidhāna
260 _aदिल्ली
_bबी.आर. पब्लिकेशन भारत
_c2013
300 _a316पृ0
_ccm.
650 _aल्थ्ल्त् क्ल्ज्ञ
942 _hNA44,2:3(Delta2:864), 152Q3
_cTEXL
_2cc
999 _c1012492
_d1012492